Như núi như mây

Wedi'i Gadw mewn:
Manylion Llyfryddiaeth
Prif Awdur: Nguyễn, Đông Thức
Fformat: Llyfr
Iaith:Undetermined
Cyhoeddwyd: Hà Nội Văn Nghệ 2006
Pynciau:
Tagiau: Ychwanegu Tag
Dim Tagiau, Byddwch y cyntaf i dagio'r cofnod hwn!
Thư viện lưu trữ: Trung tâm Học liệu Trường Đại học Cần Thơ
LEADER 00571nam a2200205Ia 4500
001 CTU_115765
008 210402s9999 xx 000 0 und d
020 |c 40000 
082 |a 895.922333 
082 |b Th552 
100 |a Nguyễn, Đông Thức 
245 0 |a Như núi như mây 
245 0 |c Nguyễn Đông Thức 
260 |a Hà Nội 
260 |b Văn Nghệ 
260 |c 2006 
650 |a Vietnamese literature,Vietnamese fiction 
650 |x Fiction 
904 |i M.Loan 
980 |a Trung tâm Học liệu Trường Đại học Cần Thơ